000 00554nam a2200193Ia 4500
005 20250508155741.0
008 008 250505s9999 xx 000 0 eng d
037 _aDissertations
040 _aFEDL
_beng
_cFEDL
041 _aeng
_2eng
084 _a371.92, NAG/DI
_qFEDL
100 _aNagpal Urmil Nagpal
_9767374
245 0 _aStudy of the adjustment porblems of the blind
260 _c1972
300 _a103p.
546 _aM. Ed. Dissertation (Delhi University)
942 _cDIS
_h371.92, NAG/DI
999 _c1359108
_d1359108